Automapa Slovenska.

Uložené v:
Podrobná bibliografia
Médium: Kniha
Jazyk:Slovak
Vydané: Bratislava : Slovenská kartografia a.s., 1993
Vydanie:7. vyd.
Témy:
ISBN: 8071031127 (Skladačka)
Fyzický popis: Nestr.
Tagy: Pridať tag
Žiadne tagy, Buďte prvý kto otaguje tento záznam!

MARC

LEADER 00000nam a2200000 a 4500
001 000070921
003 SVKK
005 20010430000000.0
008 001011s1993 xo e sloo
020 |a 8071031127 (Skladačka) 
040 |a SVKKK  |b slo  |c SVKKK  |e AACR2 
041 0 |a slo 
044 |a xo  |c SK 
080 |a 912.43(437.6):656.13  |2 1997 
245 0 0 |a Automapa Slovenska. 
250 |a 7. vyd. 
260 |a Bratislava :  |b Slovenská kartografia a.s.,  |c 1993 
300 |a Nestr. 
653 0 |a Slovensko  |2 SVKKKPH 
653 0 |a automapy  |2 SVKKKPH 
655 7 |a mapy  |2 SVKKKPH 
910 |a svkkk 
919 |a 80-7103-112-7 
974 |a MI  |d 20001011 
974 |a PA  |d 20001011 
974 |a PA  |d 20010430 
998 |a BK 
090 |g SCKHL  |k Sklad Pribinova 2. posch.  |a III.161087  |j 866687  |i 2720059155  |s Prezenčne